| 000 | 00650nam a2200181Ia 4500 | ||
|---|---|---|---|
| 008 | 151018s9999 xx 000 0 und d | ||
| 082 |
_bRBASDV7489 _a330 |
||
| 100 | _aवसंत पटवर्धन | ||
| 245 | _aताळेबंद वितरण व अभ्यास | ||
| 250 | _b1 | ||
| 260 |
_bकेदार प्रकाशन _c1971 |
||
| 300 | _a301 | ||
| 600 | _aवसंत पटवर्धन | ||
| 630 | _aताळेबंद वितरण व अभ्यास | ||
| 700 | _aवसंत पटवर्धन | ||
| 730 | _aताळेबंद वितरण व अभ्यास | ||
| 942 | _cBOOK | ||
| 999 |
_c1009856 _d1009853 |
||